00849 am a2200265 4500001001400000003000400014005001700018008004100035015001300076020001100089040001400100082001000114082005200124110006300176245012000239260003100359300001800390336002100408337002500429338002300454490002200477500004100499650002500540700001800565vtls000053055PNM20181009154243.0800425s1980 enk 00 eng  aB8008631 c£1.95 aPNMcPPAK04a330.904aEconomic development. Inequalities. Alleviation2 aIndependent Commission on International Development Issues10aNorth-South :ba programme for survival /creport of the Independent Commission on International Development Issues aLondon :bPan Books,c198000a304p. ;c18cm 2rdacontentatext 2rdamediaaunmediated 2rdacarrieravolume0 aPan world affairs aChairman of commission: Willy Brandt 0aEconomic development1 aBrandt, Willy